Biblioteca y Centro de Documentación

El estado de los bosques del mundo 2024 (Registro nro. 53607)

Detalles MARC
000 -CABECERA
Longitud fija campo de control 01320nam a2200349 c 4500
001 - NÚMERO DE CONTROL
Número de control 53607
003 - IDENTIFICADOR DE NÚMERO DE CONTROL
Identificador del número de control ES-MaCES
005 - FECHA Y HORA DE LA ÚLTIMA TRANSACCIÓN
Fecha y hora de la última transacción 20250310111531.0
007 - PHYSICAL DESCRIPTION FIXED FIELD--GENERAL INFORMAT
Campo fijo de descripción física cr |||||||||||
008 - CAMPO FIJO DE DESCRIPCIÓN FIJA--INFORMACIÓN GENERAL
Códigos de información de longitud fija   250310s2024 it d t i000 | spa d
020 ## - ISBN (INTERNATIONAL STANDARD BOOK NUMBER)
Número Internacional Normalizado para Libros (ISBN) 9789251388754
040 ## - FUENTE DE CATALOGACIÓN
Centro catalogador de origen ES-MaCES
Lengua de catalogación spa
Centro transcriptor ES-MaCES
245 00 - MENCIÓN DE TÍTULO
Título El estado de los bosques del mundo 2024
Medio Recurso electrónico
Resto del título : innovaciones en el sector forestal para lograr un futuro más sostenible
260 ## - PUBLICACIÓN, DISTRIBUCIÓN, ETC (PIE DE IMPRENTA)
Lugar de publicación, distribución, etc. Roma
Nombre del editor, distribuidor, etc. FAO
Fecha de publicación, distribución, etc. 2024
300 ## - DESCRIPCIÓN FÍSICA
Extensión 1 documento pdf
Dimensiones (9,37 mb)
490 1# - MENCIÓN DE SERIE
Mención de serie El estado de los bosques del mundo
Designación de volumen o secuencia 2024
541 ## - NOTA DE LA FUENTE INMEDIANTE DE ADQUISICIÓN
Forma de adquisición Gratuito
650 #4 - ASIENTO SECUNDARIO DE MATERIA--TÉRMINO DE MATERIA
Término de materia o nombre geográfico como elemento inicial bosque
9 (RLIN) 27585
650 #4 - ASIENTO SECUNDARIO DE MATERIA--TÉRMINO DE MATERIA
Término de materia o nombre geográfico como elemento inicial silvicultura
9 (RLIN) 27586
650 #4 - ASIENTO SECUNDARIO DE MATERIA--TÉRMINO DE MATERIA
Término de materia o nombre geográfico como elemento inicial protección forestal
9 (RLIN) 28752
650 #4 - ASIENTO SECUNDARIO DE MATERIA--TÉRMINO DE MATERIA
Término de materia o nombre geográfico como elemento inicial política forestal
9 (RLIN) 27589
650 #4 - ASIENTO SECUNDARIO DE MATERIA--TÉRMINO DE MATERIA
Término de materia o nombre geográfico como elemento inicial 2024
9 (RLIN) 41055
650 #4 - ASIENTO SECUNDARIO DE MATERIA--TÉRMINO DE MATERIA
Término de materia o nombre geográfico como elemento inicial informe
9 (RLIN) 28986
653 10 - TÉRMINO DE INDEXACIÓN--NO CONTROLADO
Término no controlado Medio ambiente
710 2# - ENCABEZAMIENTO SECUNDARIO--NOMBRE CORPORATIVO
Nombre de entidad o nombre de jurisdicción como elemento inicial Organización de las Naciones Unidas para la Agricultura y la Alimentación
Término indicativo de función ed.
9 (RLIN) 4711
787 0# - ENTRADA DE OTRAS ESPECIFICACIONES
Título El estado de los bosques del mundo 2022
Número de control del registro relacionado (ES-MaCES)52463
830 #3 - ENCABEZAMIENTO SECUNDARIO DE COLECCIÓN--TÍTULO UNIFORME
9 (RLIN) 41318
Título uniforme El estado de los bosques del mundo (SOFO)
Designación de volumen o secuencia 2024
856 4# - ACCESO ELECTRÓNICO
Identificador Uniforme del Recurso (URI) http://biblioteca.ces.es/repintra/B53607.pdf
Texto del enlace texto completo
Nota pública [intranet]
856 4# - ACCESO ELECTRÓNICO
Identificador Uniforme del Recurso (URI) https://doi.org/10.4060/cd1211es
Texto del enlace https://doi.org/10.4060/cd1211es
902 ## - CES. TIPO DE DOCUMENTO
Tipodoc (006$c Sirtex) ELE PUB. ELECTRONICA
942 ## - ELEMENTOS KOHA
Fuente de clasificaión o esquema Clasificación propia del CES
Koha [por defecto] tipo de item Monografías
Parte de clasificación Medio Ambiente

No hay ítems disponibles.

© CES, Consejo Económico y Social de España 2021